BSOP header

Systematic theology / (Record no. 42768)

MARC details
000 -LEADER
fixed length control field 00815nam a2200253Ii 4500
001 - CONTROL NUMBER
control field 6961598
005 - DATE AND TIME OF LATEST TRANSACTION
control field 20210927111351.0
008 - FIXED-LENGTH DATA ELEMENTS--GENERAL INFORMATION
fixed length control field 801120c19771941miua b 000 0 engmd
020 ## - INTERNATIONAL STANDARD BOOK NUMBER
International Standard Book Number 080283020X
040 ## - CATALOGING SOURCE
Original cataloging agency TMA
Transcribing agency TMA
Modifying agency EXN
100 1# - MAIN ENTRY--PERSONAL NAME
Personal name Berkhof, Louis,
Dates associated with a name 1873-1957.
245 10 - TITLE STATEMENT
Title Systematic theology /
Statement of responsibility, etc by L. Berkhof ; with a complete textual index.
250 ## - EDITION STATEMENT
Edition statement 4th rev. and enl. ed.
260 ## - PUBLICATION, DISTRIBUTION, ETC. (IMPRINT)
Place of publication, distribution, etc Grand Rapids, Mich. :
Name of publisher, distributor, etc Wm. B. Eerdmans Publishing Co.,
Date of publication, distribution, etc c1941 rep. 1977.
300 ## - PHYSICAL DESCRIPTION
Extent 759 p. :
Other physical details ill. ;
Dimensions 23 cm.
336 ## - CONTENT TYPE
Content Type Term text
337 ## - MEDIA TYPE
Media Type Term unmediated
338 ## - CARRIER TYPE
Carrier Type Term volume
500 ## - GENERAL NOTE
General note Previously published under title: Reformed dogmatics.
504 ## - BIBLIOGRAPHY, ETC. NOTE
Bibliography, etc Bibliography: p. 739-745.
650 #0 - SUBJECT ADDED ENTRY--TOPICAL TERM
Topical term or geographic name as entry element Theology, Doctrinal.
650 #0 - SUBJECT ADDED ENTRY--TOPICAL TERM
Topical term or geographic name as entry element Reformed Church
General subdivision Controversial literature.
942 ## - ADDED ENTRY ELEMENTS (KOHA)
Source of classification or shelving scheme Library of Congress Classification
Item type Books
Holdings
Withdrawn status Lost status Source of classification or shelving scheme Damaged status Not for loan Home library Current library Shelving location Date acquired Source of acquisition Inventory number Total Checkouts Full call number Barcode Date last seen Copy number Price effective from Koha item type
    Library of Congress Classification     BSOP Library BSOP Library GC 08/24/2018 Donation by Drs. George and Anne Harper 42170   BT75 B45 1977 c.2 00053170 08/24/2018 c.2 08/24/2018 Books
    Library of Congress Classification     BSOP Library BSOP Library GC 02/15/2019 Donated by Dr. William and Mariel Kirwan 45024   BT75 B45 1977 c.3 00056024 02/15/2019   02/15/2019 Books
BSOP

Biblical Seminary of the Philippines
  All rights Reserved
  © 2024

CONTACT INFORMATION

Biblical Seminary of the Philippines,
  77-B Karuhatan Road, Valenzuela City,
  PHILIPPINES 1441
  Phone: +632 8292-6795 / 8292-6798
  Fax : +632 8292-6675
  Email: library@bsop.edu.ph